[Event "Panevezys op-B"]
[Site "Panevezys"]
[Date "2022.07.03"]
[Round "7"]
[White "Viskelis, Darius"]
[Black "Milewski, Karol"]
[Result "1/2-1/2"]
[WhiteElo "2139"]
[BlackElo "1834"]
[PlyCount "90"]
[EventDate "2022.07.01"]
[EventType "swiss"]
[EventRounds "7"]
[EventCountry "LTU"]
[SourceTitle "EXT 2023"]
[Source "ChessBase"]
[SourceDate "2022.10.05"]
[SourceVersion "1"]
[SourceVersionDate "2022.10.05"]
[SourceQuality "1"]

1. e4 c5 2. Nf3 e6 3. c3 d5 4. e5 Bd7 5. d4 Qb6 6. a3 Bb5 7. c4 Bxc4 8. Bxc4 dxc4 9. d5 exd5 10. Qxd5 Ne7 11. Qxc4 Qa6 12. Qxc5 Nd7 13. Qe3 Nc6 14. e6 fxe6 15. Qe2 Qxe2+ 16. Kxe2 g6 17. Bd2 Bg7 18. Bc3 e5 19. Nbd2 Nc5 20. Rhe1 0-0-0 21. Kf1 Rhe8 22. Nc4 Na4 23. Bxe5 Nxe5 24. Ncxe5 Bxe5 25. Nxe5 Nxb2 26. Rac1+ Kb8 27. Rb1 Rxe5 28. Rxe5 Nc4 29. Rbe1 Nxe5 30. Rxe5 Rd7 31. Ke2 Kc7 32. Ke3 Kd6 33. Ke4 Rc7 34. Rb5 b6 35. Rb3 Rc4+ 36. Kd3 Rf4 37. Ke3 Ra4 38. Kd3 Rf4 39. f3 Ke6 40. Rb2 Ra4 41. Rb3 Kd6 42. Kc3 Kc5 43. Kb2 Rd4 44. Rc3+ Kb5 45. Rc2 a5 1/2-1/2

[Event "Panevezys op-B"]
[Site "Panevezys"]
[Date "2022.07.02"]
[Round "5"]
[White "Milewski, Karol"]
[Black "Vasiljeva, Sofja"]
[Result "1/2-1/2"]
[WhiteElo "1834"]
[BlackElo "1680"]
[PlyCount "67"]
[EventDate "2022.07.01"]
[EventType "swiss"]
[EventRounds "7"]
[EventCountry "LTU"]
[SourceTitle "EXT 2023"]
[Source "ChessBase"]
[SourceDate "2022.10.05"]
[SourceVersion "1"]
[SourceVersionDate "2022.10.05"]
[SourceQuality "1"]

1. d4 Nf6 2. Bf4 e6 3. e3 d5 4. Nd2 c5 5. c3 Nc6 6. Ngf3 Bd6 7. Ne5 Qc7 8. Ndf3 0-0 9. Bd3 b6 10. 0-0 h6 11. Nxc6 Qxc6 12. Ne5 Qc7 13. Bg3 Ne4 14. f4 f5 15. Qe2 Bb7 16. Be1 c4 17. Bxe4 dxe4 18. Bh4 b5 19. g4 Bxe5 20. dxe5 Qf7 21. h3 Bd5 22. Kh2 Kh7 23. Rg1 g6 24. Bf6 Rg8 25. Rg2 a5 26. Rag1 b4 27. Qe1 b3 28. a3 Ra7 29. gxf5 exf5 30. Rd2 Rd7 31. Qh4 Be6 32. Rgd1 Rd3 33. Bg5 h5 34. Qf2 1/2-1/2

[Event "Panevezys op-B"]
[Site "Panevezys"]
[Date "2022.07.02"]
[Round "3"]
[White "Milewski, Karol"]
[Black "Zaura, Vidmantas"]
[Result "1-0"]
[WhiteElo "1834"]
[BlackElo "2000"]
[PlyCount "57"]
[EventDate "2022.07.01"]
[EventType "swiss"]
[EventRounds "7"]
[EventCountry "LTU"]
[SourceTitle "EXT 2023"]
[Source "ChessBase"]
[SourceDate "2022.10.05"]
[SourceVersion "1"]
[SourceVersionDate "2022.10.05"]
[SourceQuality "1"]

1. d4 Nf6 2. Nf3 d5 3. g3 c6 4. Bg2 Bf5 5. 0-0 h6 6. c4 e6 7. Qb3 Qc8 8. Nc3 Nbd7 9. Bf4 g5 10. Be5 Nxe5 11. Nxe5 Nd7 12. Nxd7 Qxd7 13. Rad1 Bg7 14. e4 dxe4 15. d5 exd5 16. cxd5 0-0 17. Bxe4 Bxe4 18. Nxe4 b6 19. f3 c5 20. Rfe1 Rad8 21. g4 f5 22. d6+ Kh8 23. Ng3 Bd4+ 24. Rxd4 cxd4 25. Re6 fxg4 26. Rxh6+ Kg7 27. Re6 Rde8 28. Nh5+ Kh8 29. Rh6+ 1-0

[Event "Bialystok Zamenhof Memorial-C 35th"]
[Site "Bialystok"]
[Date "2017.12.28"]
[Round "4.4"]
[White "Budnik, Mateusz"]
[Black "Milewski, Karol"]
[Result "1-0"]
[WhiteElo "1962"]
[BlackElo "1755"]
[PlyCount "49"]
[EventDate "2017.12.27"]
[EventType "swiss"]
[EventRounds "9"]
[EventCountry "POL"]
[SourceTitle "EXT 2023"]
[Source "ChessBase"]
[SourceDate "2022.10.05"]
[SourceVersion "1"]
[SourceVersionDate "2022.10.05"]
[SourceQuality "1"]

1. e4 d6 2. d4 g6 3. Be3 Nf6 4. f3 Bg7 5. Nc3 Nbd7 6. Qd2 0-0 7. 0-0-0 c6 8. g4 Qa5 9. Kb1 b5 10. Nd5 Qd8 11. Nxf6+ Nxf6 12. h4 h5 13. gxh5 Nxh5 14. Ne2 e5 15. dxe5 Be6 16. Bg5 f6 17. exf6 Bxf6 18. Qxd6 Qxd6 19. Rxd6 Bxg5 20. hxg5 Rae8 21. Bh3 Bc4 22. Rxg6+ Kf7 23. Bf5 Bxe2 24. Rxh5 Bxf3 25. Rh7# 1-0

[Event "Bialystok Zamenhof Memorial-B"]
[Site "Bialystok"]
[Date "2010.12.??"]
[Round "1"]
[White "Milewski, Karol"]
[Black "Kozaczynska, Aleksandra"]
[Result "1-0"]
[WhiteElo "1698"]
[BlackElo "1501"]
[PlyCount "107"]
[EventDate "2010.12.27"]
[EventType "swiss"]
[EventRounds "9"]
[EventCountry "POL"]
[SourceTitle "EXT 2014"]
[Source "ChessBase"]
[SourceDate "2013.11.20"]
[SourceVersion "1"]
[SourceVersionDate "2013.11.20"]
[SourceQuality "1"]

1. e4 e5 2. Nf3 Nc6 3. Bb5 Bc5 4. 0-0 Nge7 5. c3 a6 6. Ba4 b5 7. Bc2 Ng6 8. d4 exd4 9. cxd4 Bb6 10. Bg5 f6 11. Be3 0-0 12. Nc3 Nce7 13. Rc1 Bb7 14. Re1 Kh8 15. Nd2 Rc8 16. Nb3 c6 17. Nc5 Qc7 18. Qh5 Bxc5 19. dxc5 Qe5 20. Qh3 Rcd8 21. Rcd1 Bc8 22. Rd6 Nf4 23. Bxf4 Qxf4 24. Qg3 Qxg3 25. hxg3 Ng6 26. f4 Rde8 27. Bb3 Rd8 28. Kf2 Rde8 29. Kf3 Rd8 30. a3 Rde8 31. Rh1 Rd8 32. Bc2 Kg8 33. b3 Rde8 34. b4 Rd8 35. Rhd1 Kh8 36. Kf2 Kg8 37. Kg1 Kh8 38. Ne2 Kg8 39. Nd4 Rde8 40. Rd2 Kh8 41. Nf5 Kg8 42. R6d4 Ne7 43. Nd6 Rd8 44. Bb3+ Kh8 45. Nxc8 Nxc8 46. Rxd7 Rde8 47. R2d4 Ne7 48. f5 h6 49. Be6 Kh7 50. Ra7 Kh8 51. Rdd7 Kh7 52. Rxe7 Rxe7 53. Rxe7 Rd8 54. Rd7 1-0

[Event "Bialystok Spring op-B"]
[Site "Bialystok"]
[Date "2010.05.08"]
[Round "7"]
[White "Ryszkiewicz, Adam"]
[Black "Milewski, Karol"]
[Result "1-0"]
[WhiteElo "1951"]
[BlackElo "1690"]
[PlyCount "101"]
[EventDate "2010.05.01"]
[EventType "swiss"]
[EventRounds "9"]
[EventCountry "POL"]
[SourceTitle "EXT 2012"]
[Source "ChessBase"]
[SourceDate "2011.11.24"]
[SourceVersion "1"]
[SourceVersionDate "2011.11.24"]
[SourceQuality "1"]

1. e4 c5 2. Nf3 Nc6 3. d4 cxd4 4. Nxd4 Nf6 5. Nc3 d6 6. Be3 g6 7. Be2 Bg7 8. 0-0 0-0 9. Kh1 Bd7 10. f4 a6 11. f5 Rc8 12. g4 Nxd4 13. Bxd4 Bc6 14. Bf3 Qa5 15. Bg2 Nd7 16. Bxg7 Kxg7 17. g5 Qe5 18. Qg4 Nc5 19. Rae1 f6 20. h4 Rcd8 21. Nd5 Be8 22. c3 Nd3 23. Re2 Bb5 24. Rd1 Nc5 25. Re3 fxg5 26. Qxg5 e6 27. f6+ Kh8 28. Nc7 Qxf6 29. Qxf6+ Rxf6 30. Nxb5 axb5 31. b4 Na4 32. e5 Rf4 33. exd6 Rxh4+ 34. Kg1 e5 35. Rxe5 Rf4 36. d7 Rff8 37. Bxb7 Nxc3 38. Rd2 Kg7 39. Bc6 h5 40. Re3 Na4 41. Bxb5 Nb6 42. a4 Rf7 43. Red3 g5 44. a5 Na8 45. Rc3 g4 46. Rc8 Rff8 47. Rxd8 Rxd8 48. Bc6 Nc7 49. b5 Ne6 50. a6 Nc5 51. a7 1-0

[Event "Bialystok-ch U20"]
[Site "Bialystok"]
[Date "2010.01.26"]
[Round "4"]
[White "Wasiluk, Robert"]
[Black "Milewski, Karol"]
[Result "1/2-1/2"]
[WhiteElo "1704"]
[BlackElo "1706"]
[PlyCount "84"]
[EventDate "2010.01.25"]
[EventType "swiss"]
[EventRounds "9"]
[EventCountry "POL"]
[SourceTitle "EXT 2012"]
[Source "ChessBase"]
[SourceDate "2011.11.24"]
[SourceVersion "1"]
[SourceVersionDate "2011.11.24"]
[SourceQuality "1"]

1. d4 d6 2. c4 Nf6 3. e3 g6 4. Nc3 Bg7 5. Nf3 0-0 6. b3 c5 7. Bb2 Qa5 8. Qd2 Bg4 9. Nb5 Qxd2+ 10. Nxd2 Nc6 11. f3 Bd7 12. dxc5 dxc5 13. a3 Rad8 14. Be2 Bh6 15. Kf2 a6 16. Bxf6 exf6 17. Nc3 f5 18. f4 Be6 19. Rhd1 Bg7 20. Rac1 Rfe8 21. Na4 Bf8 22. Nb6 Na5 23. Rc3 Rd6 24. Na4 Red8 25. Ke1 Bg7 26. Rc2 b6 27. b4 cxb4 28. axb4 Nc6 29. Rb1 a5 30. bxa5 bxa5 31. Nc5 Bc8 32. Nf3 Nb4 33. Rcc1 Na2 34. Rd1 Nb4 35. Rxd6 Rxd6 36. Rd1 Bc3+ 37. Kf2 Rxd1 38. Bxd1 Kf8 39. Nd4 Ke7 40. Nb5 Bg7 41. Ke2 Bd7 42. Nb7 Nc6 1/2-1/2

[Event "Augustow qual zone MPJ+OOM U15"]
[Site "Augustow"]
[Date "2009.10.05"]
[Round "1.7"]
[White "Oleksza, Radoslaw"]
[Black "Milewski, Karol"]
[Result "1/2-1/2"]
[WhiteElo "1544"]
[BlackElo "1699"]
[PlyCount "66"]
[EventDate "2009.10.04"]
[EventType "swiss"]
[EventRounds "9"]
[EventCountry "POL"]
[SourceTitle "EXT 2023"]
[Source "ChessBase"]
[SourceDate "2022.10.05"]
[SourceVersion "1"]
[SourceVersionDate "2022.10.05"]
[SourceQuality "1"]

1. d4 d5 2. c4 Nf6 3. Nc3 e6 4. Bg5 Be7 5. Nf3 0-0 6. e3 dxc4 7. Bxc4 c6 8. 0-0 b5 9. Bd3 Nbd7 10. Rc1 Bb7 11. e4 h6 12. Be3 a6 13. Qc2 Rc8 14. Rfd1 Qa5 15. a3 Qc7 16. Qe2 Qb8 17. Rc2 c5 18. dxc5 Nxc5 19. Bxc5 Bxc5 20. Rdc1 Bb6 21. h3 Nh5 22. e5 Nf4 23. Qd2 Nxd3 24. Qxd3 Bxf3 25. Qxf3 Qxe5 26. Qb7 Bd4 27. Qxa6 Bxc3 28. Rxc3 Rxc3 29. bxc3 Rb8 30. Qa7 Rc8 31. Qe3 Qxe3 32. fxe3 Ra8 33. Ra1 Rc8 1/2-1/2

[Event "Bilaystok Spring op"]
[Site "Bialystok"]
[Date "2009.05.09"]
[Round "7"]
[White "Milewski, Karol"]
[Black "Bernacki, Gabriel"]
[Result "1/2-1/2"]
[WhiteElo "1660"]
[BlackElo "1904"]
[PlyCount "173"]
[EventDate "2009.05.01"]
[EventType "swiss"]
[EventRounds "9"]
[EventCountry "POL"]
[SourceTitle "EXT 2010"]
[Source "ChessBase"]
[SourceDate "2010.11.25"]
[SourceVersion "1"]
[SourceVersionDate "2010.11.25"]
[SourceQuality "1"]

1. e4 c6 2. d4 d5 3. exd5 cxd5 4. c4 Nf6 5. Nf3 Nc6 6. Nc3 Bg4 7. Be3 e6 8. Be2 Be7 9. 0-0 0-0 10. Ne5 Bxe2 11. Qxe2 Rc8 12. Rfd1 dxc4 13. Nxc4 Nd5 14. Nxd5 Qxd5 15. Ne5 Bf6 16. Qf3 Bxe5 17. Qxd5 Bxh2+ 18. Kxh2 exd5 19. Rd2 Rfe8 20. Rc1 f6 21. Rc5 Rcd8 22. a3 Kf7 23. b4 a6 24. b5 axb5 25. Rxb5 Rd7 26. Rdb2 Ree7 27. a4 g5 28. a5 h6 29. Rc5 Re6 30. Rcb5 Nd8 31. Rc5 Rc6 32. Rbb5 Rxc5 33. dxc5 d4 34. Bd2 Rc7 35. Bc1 Ke6 36. Rb6+ Rc6 37. Kg3 Rxb6 38. cxb6 Nc6 39. Bd2 f5 40. Kf3 Kd7 41. Ke2 Ne5 42. f4 d3+ 43. Ke1 Nf7 44. Kf2 g4 45. Ke3 Nh8 46. Bc3 Ng6 47. g3 Kc6 48. Kxd3 h5 49. Ke3 h4 50. gxh4 Nxh4 51. Kf2 Kb5 52. Kg3 Nf3 53. Kf2 Ka6 54. Kg3 Ng1 55. Kf2 Nf3 56. Kg3 Kb5 57. Kf2 Nh4 58. Kg3 Ng6 59. Bd2 Nf8 60. Kh4 Ne6 61. Kg3 Nc5 62. Be1 Ne4+ 63. Kg2 Nf6 64. Bd2 Ka6 65. Be1 Ne4 66. Kf1 Nc5 67. Ke2 Nb3 68. Kd3 Nxa5 69. Bf2 Kb5 70. Kd4 Nc4 71. Kd5 Nb2 72. Ke6 Nd3 73. Bg3 Kxb6 74. Kxf5 Kc6 75. Kxg4 b5 76. Bh4 b4 77. Bf6 Kd5 78. Ba1 Ke4 79. f5 Nf2+ 80. Kg3 Nd3 81. f6 Nc5 82. Kg4 Ne6 83. f7 Kd5 84. Kf3 Kd6 85. Ke3 Ke7 86. Kd3 Kxf7 87. Kc4 1/2-1/2

[Event "Bialystok Podlaski Region-chB"]
[Site "Bialystok"]
[Date "2008.06.23"]
[Round "3.2"]
[White "Daciuk, Jaroslaw"]
[Black "Milewski, Karol"]
[Result "1-0"]
[WhiteElo "1450"]
[BlackElo "1700"]
[PlyCount "117"]
[EventDate "2008.06.21"]
[EventType "swiss"]
[EventRounds "9"]
[EventCountry "POL"]
[SourceTitle "EXT 2023"]
[Source "ChessBase"]
[SourceDate "2022.10.05"]
[SourceVersion "1"]
[SourceVersionDate "2022.10.05"]
[SourceQuality "1"]

1. c4 c5 2. Nc3 Nc6 3. Nf3 d6 4. g3 Nf6 5. Bg2 e6 6. 0-0 Be7 7. d4 cxd4 8. Nxd4 Nxd4 9. Qxd4 0-0 10. Rd1 a6 11. Ne4 Nxe4 12. Qxe4 Qc7 13. Be3 Rb8 14. Rac1 b6 15. b4 Bb7 16. Qb1 Bxg2 17. Kxg2 Rfc8 18. b5 axb5 19. cxb5 Qb7+ 20. Kg1 d5 21. Bf4 Ra8 22. Rxc8+ Rxc8 23. Rc1 Bc5 24. Qb2 Ra8 25. Qe5 Ra5 26. a4 Rxa4 27. Qc7 Qxc7 28. Bxc7 h6 29. Rb1 Kf8 30. Kf1 Ke7 31. f3 f6 32. Bf4 e5 33. Bd2 Kd6 34. Ke1 d4 35. Kd1 Kd5 36. Kc2 Kc4 37. h4 Bb4 38. Bxb4 Rxb4 39. Ra1 f5 40. Ra7 e4 41. fxe4 fxe4 42. Rxg7 d3+ 43. exd3+ exd3+ 44. Kd1 Rxb5 45. g4 Rc5 46. Kd2 Rd5 47. Rg6 b5 48. Rxh6 Kb3 49. Rb6 b4 50. g5 Rd4 51. h5 Kb2 52. g6 b3 53. g7 Rd8 54. h6 Ka2 55. h7 b2 56. g8Q+ Rxg8 57. hxg8Q+ Ka1 58. Ra6+ Kb1 59. Qa2# 1-0